000 02308nam0a2200409 4500
001 RU\NLR\bibl\1465469
005 20260407214137.0
010 _a978-5-478--1258-8
_9500
021 _aRU
_b2009-97028
_96161
035 _a(nilc)RSL-KNO-004422206
035 _a(NLR Aleph) 001457203
090 _a1560314
_c1560314
100 _a20091127d2009 |||y0rusy50 ca
101 0 _arus
102 _aRU
105 _aa |||||||||
200 1 _aЭнергетическое сотрудничество между Россией и Республикой Корея
_dRussia and Korea: prospects of energetic cooperation
_eIX Российско-Корейский форум
_f[ред. кол.: А. Н. Панов (отв. ред.) и др.]
_zeng
210 _aМосква
_cВосток-Запад
_d2009
215 _a246 с.
_cил., табл.
_d21
300 _aВ надзаг.: Дипломат. акад. МИД России, Корейский фонд международных обменов
300 _aНа тит.л.: 75 лет. Дипломатическая академия МИД России
510 0 _aRussia and Korea: prospects of energetic cooperation
_zeng
606 1 _aЭнергетическая промышленность
_jСъезды, совещания и т.п.
_xМеждународное сотрудничество
_yКорея, Республика
_92100176
_3RU\NLR\auth\661573842
606 1 _aЭнергетическая промышленность
_jСъезды, совещания и т.п.
_xМеждународное сотрудничество
_yРоссийская Федерация
_92101264
_3RU\NLR\auth\661574407
686 _aУ9(2)89(5КоЮ)я43
_2rubbk
686 _aУ9(5КоЮ)89(2)я43
_2rubbk
686 _aУ30(2)857я431
686 _aУ30(5Ко)857я431
702 1 _4340
_7ca
_8rus
_aПанов
_bА. Н.
_cд-р полит. наук, дипломат
_f1944-
_gАлександр Николаевич
_9250225
_3RU\NLR\AUTH\770250281
711 1 2 _aРоссийско-корейский форум
_d9
_eМосква
_f2008
_9782150
_3RU\NLR\AUTH\8810143797
801 0 _aRU
_bРГБ
_c20091127
_grcr
801 1 _aRU
_bРГБ
_c20091127
801 2 _aRU
_bNLR
_c20100128
_grcr
942 _cBOOK
980 _aNB